| 000 | 00540nam a22001697a 4500 | ||
|---|---|---|---|
| 005 | 20120507120953.0 | ||
| 020 | _c150.00 | ||
| 035 | _aB-83875 | ||
| 037 |
_aDPL _bENG |
||
| 100 |
_aSarma, A.M. _946539 |
||
| 245 |
_aAspects of labour welfare and social security / _cby A.M. Sarma |
||
| 250 | _arev. and enl. ed. | ||
| 260 |
_aMumbai _bHimalaya Publishing House _c2003 |
||
| 300 |
_a284p. _c24 cms. |
||
| 942 |
_2ddc _cEN _h331 _mSAR |
||
| 999 |
_c66275 _d66275 |
||